[Event "CRO-chT3 West"]
[Site "Croatia"]
[Date "2017.04.09"]
[Round "5.3"]
[White "Desnica, Lara"]
[Black "Pasalic, Enio"]
[Result "0-1"]
[WhiteElo "1349"]
[BlackElo "1996"]
[PlyCount "62"]
[EventDate "2017.03.25"]
[EventType "team-tourn"]
[EventRounds "9"]
[EventCountry "CRO"]
[SourceTitle "EXT 2019"]
[Source "ChessBase"]
[SourceDate "2018.10.10"]
[SourceVersion "1"]
[SourceVersionDate "2018.10.10"]
[SourceQuality "1"]

1. e4 c5 2. Nc3 a6 3. g3 Nc6 4. Bg2 g6 5. f4 d6 6. Nf3 Bg7 7. d3 e6 8. 0-0 Nge7 9. Be3 Nd4 10. Nd2 0-0 11. g4 f5 12. exf5 gxf5 13. g5 Ng6 14. Rc1 Rb8 15. Qe1 b5 16. h4 b4 17. h5 bxc3 18. hxg6 cxd2 19. gxh7+ Kxh7 20. Qh4+ Kg6 21. Rcd1 Rh8 22. Qf2 Nxc2 23. Rxd2 Nxe3 24. Re1 Ng4 25. Qg3 Bd4+ 26. Kf1 Qa5 27. Rc2 Rxb2 28. Rxb2 Bxb2 29. Bc6 Bd4 30. Re2 Qb6 31. Bf3 Ne3+ 0-1

[Event "CRO-chT3 West"]
[Site "Croatia"]
[Date "2017.03.26"]
[Round "2.5"]
[White "Pasalic, Enio"]
[Black "Ban, Ivoslav"]
[Result "1-0"]
[WhiteElo "2002"]
[BlackElo "2009"]
[PlyCount "97"]
[EventDate "2017.03.25"]
[EventType "team-tourn"]
[EventRounds "9"]
[EventCountry "CRO"]
[SourceTitle "EXT 2019"]
[Source "ChessBase"]
[SourceDate "2018.10.10"]
[SourceVersion "1"]
[SourceVersionDate "2018.10.10"]
[SourceQuality "1"]

1. d4 Nf6 2. Nf3 d5 3. c4 c6 4. Nc3 e6 5. Bg5 Be7 6. e3 0-0 7. Bd3 dxc4 8. Bxc4 Nd5 9. Bxe7 Qxe7 10. 0-0 Nxc3 11. bxc3 Nd7 12. e4 b5 13. Bd3 Bb7 14. Qe2 a6 15. a4 Nb6 16. a5 Nd7 17. e5 c5 18. h4 c4 19. Bxh7+ Kh8 20. Be4 Bxe4 21. Qxe4 g6 22. Qg4 Rg8 23. Ng5 Kg7 24. Rfe1 Rh8 25. g3 Rh5 26. Re3 Rxg5 27. Qxg5 Qxg5 28. hxg5 Rd8 29. f4 Nb8 30. g4 Nc6 31. f5 gxf5 32. gxf5 exf5 33. e6 Ne7 34. Re5 f6 35. gxf6+ Kxf6 36. Rae1 Rd5 37. Kf2 Rxe5 38. Rxe5 Nc6 39. Re1 Ne7 40. Re2 Nd5 41. Ke1 Ke7 42. Kd2 f4 43. Re5 Nf6 44. d5 Kd6 45. Rf5 Ne4+ 46. Kc2 Ke7 47. Rxf4 Nc5 48. Rf7+ Kd6 49. Ra7 1-0

[Event "CRO-chT3 West"]
[Site "Croatia"]
[Date "2017.03.25"]
[Round "1.1"]
[White "Pasalic, Enio"]
[Black "Djuric, Petar5"]
[Result "0-1"]
[WhiteElo "2002"]
[BlackElo "1918"]
[PlyCount "60"]
[EventDate "2017.03.25"]
[EventType "team-tourn"]
[EventRounds "9"]
[EventCountry "CRO"]
[SourceTitle "EXT 2019"]
[Source "ChessBase"]
[SourceDate "2018.10.10"]
[SourceVersion "1"]
[SourceVersionDate "2018.10.10"]
[SourceQuality "1"]

1. d4 Nf6 2. Nf3 d5 3. c4 c6 4. Nc3 e6 5. e3 Bd6 6. Bd3 0-0 7. 0-0 Nbd7 8. b3 Qe7 9. Qc2 h6 10. Bb2 b6 11. cxd5 exd5 12. Rfe1 Bb7 13. e4 dxe4 14. Nxe4 Nxe4 15. Bxe4 Qd8 16. Bxc6 Rc8 17. d5 Nb8 18. Qc3 f6 19. Nd4 Be5 20. Rxe5 fxe5 21. Ne6 Qf6 22. Qg3 Nxc6 23. dxc6 Rxc6 24. Bxe5 Qe7 25. Bxg7 Qxe6 26. Bf6+ Kf7 27. Qg7+ Ke8 28. Qg6+ Kd7 29. Rd1+ Kc8 30. Qg7 Qxf6 0-1

[Event "Pula-ch"]
[Site "Pula"]
[Date "2015.02.09"]
[Round "8"]
[White "Pasalic, Enio"]
[Black "Konic, Zlatko"]
[Result "0-1"]
[WhiteElo "2029"]
[BlackElo "2099"]
[PlyCount "76"]
[EventDate "2015.01.15"]
[EventType "swiss"]
[EventRounds "9"]
[EventCountry "CRO"]
[SourceTitle "EXT 2016"]
[Source "ChessBase"]
[SourceDate "2015.10.08"]
[SourceVersion "1"]
[SourceVersionDate "2015.10.08"]
[SourceQuality "1"]

1. d4 e6 2. Nf3 Nf6 3. c4 Bb4+ 4. Bd2 a5 5. g3 Bxd2+ 6. Nbxd2 d6 7. Bg2 Nbd7 8. 0-0 0-0 9. e4 e5 10. c5 dxc5 11. dxe5 Ng4 12. e6 fxe6 13. Bh3 Nde5 14. Qc2 b6 15. Nxe5 Nxe5 16. f4 Nc6 17. Nf3 Nd4 18. Nxd4 cxd4 19. Qc6 Bd7 20. Bxe6+ Bxe6 21. Qxe6+ Kh8 22. e5 c5 23. Rad1 Qc7 24. Qd5 a4 25. f5 Rad8 26. Qe4 Rfe8 27. e6 Qd6 28. Rf4 Qd5 29. Qd3 Qxa2 30. Rh4 Qb3 31. Qe2 Re7 32. Rd3 Qd5 33. Qh5 h6 34. Qg5 Rxe6 35. Qxd8+ Qxd8 36. fxe6 Qd5 37. Ra3 Qxe6 38. Rxa4 g5 0-1

[Event "Pula-ch"]
[Site "Pula"]
[Date "2015.02.05"]
[Round "7"]
[White "Desnica, Jovan"]
[Black "Pasalic, Enio"]
[Result "0-1"]
[WhiteElo "1771"]
[BlackElo "2029"]
[PlyCount "70"]
[EventDate "2015.01.15"]
[EventType "swiss"]
[EventRounds "9"]
[EventCountry "CRO"]
[SourceTitle "EXT 2016"]
[Source "ChessBase"]
[SourceDate "2015.10.08"]
[SourceVersion "1"]
[SourceVersionDate "2015.10.08"]
[SourceQuality "1"]

1. e4 c5 2. f4 Nc6 3. c3 d5 4. e5 Bf5 5. d3 e6 6. Nf3 h6 7. Be2 d4 8. c4 Qb6 9. a3 Be7 10. 0-0 0-0-0 11. Nbd2 f6 12. h3 h5 13. Nh4 Bh7 14. Bxh5 Bxd3 15. Rf2 fxe5 16. Ng6 Bxg6 17. Bxg6 Bh4 18. Rf3 exf4 19. Rxf4 Ne5 20. Be4 g5 21. Rf1 g4 22. hxg4 Nf6 23. Bf3 Rdg8 24. Qe2 Bg3 25. Ne4 Bh2+ 26. Kf2 Nfxg4+ 27. Bxg4 Nxg4+ 28. Ke1 Rh5 29. Kd1 Re5 30. Qf3 Rf5 31. Qd3 Rxf1+ 32. Qxf1 Qb3+ 33. Ke1 Ne5 34. Qf6 Nd3+ 35. Ke2 Rxg2+ 0-1

[Event "Pula-ch"]
[Site "Pula"]
[Date "2015.01.29"]
[Round "5"]
[White "Pasalic, Enio"]
[Black "Cesar, Zlatko"]
[Result "1-0"]
[WhiteElo "2029"]
[BlackElo "1565"]
[PlyCount "83"]
[EventDate "2015.01.15"]
[EventType "swiss"]
[EventRounds "9"]
[EventCountry "CRO"]
[SourceTitle "EXT 2016"]
[Source "ChessBase"]
[SourceDate "2015.10.08"]
[SourceVersion "1"]
[SourceVersionDate "2015.10.08"]
[SourceQuality "1"]

1. Nf3 Nc6 2. d4 d5 3. c4 e6 4. Nc3 Nge7 5. Bf4 a6 6. e3 g6 7. Bd3 Bg7 8. g4 f6 9. cxd5 Nxd5 10. Bg3 b5 11. a3 Qd7 12. Nxd5 exd5 13. h3 Bb7 14. Rc1 Rc8 15. 0-0 0-0 16. Qc2 Rf7 17. Nh4 Nd8 18. f4 Ne6 19. f5 Ng5 20. fxg6 hxg6 21. Bxg6 Nxh3+ 22. Kh2 Qxg4 23. Bf5 Qh5 24. Kxh3 Re7 25. Bg4 Qe8 26. Nf5 Re4 27. Bf3 Qe6 28. Bxe4 dxe4 29. Qc5 Bd5 30. Kg2 Bf8 31. Qa7 Bc4 32. Rf4 Qd7 33. Rh1 Qc6 34. Rg4+ Kf7 35. Rh7+ Ke6 36. Ng7+ Kd7 37. Nh5+ Kd8 38. Rh8 Ke8 39. Qc5 Qxc5 40. dxc5 Ke7 41. Rxe4+ Kf7 42. Rf4 1-0

[Event "Pula op 28th"]
[Site "Pula"]
[Date "2014.06.09"]
[Round "3"]
[White "Pasalic, Enio"]
[Black "Doncevic, Dario"]
[Result "0-1"]
[WhiteElo "2041"]
[BlackElo "2294"]
[PlyCount "64"]
[EventDate "2014.06.07"]
[EventType "swiss"]
[EventRounds "9"]
[EventCountry "CRO"]
[SourceTitle "CBM 160 Extra"]
[Source "ChessBase"]
[SourceDate "2014.07.01"]
[SourceVersion "1"]
[SourceVersionDate "2014.07.01"]
[SourceQuality "1"]

1. d4 Nf6 2. c4 g6 3. Nc3 d5 4. Bg5 Ne4 5. Bh4 Nxc3 6. bxc3 dxc4 7. e3 Be6 8. Nf3 Bg7 9. Be2 c6 10. 0-0 Nd7 11. Ng5 Bd5 12. e4 h6 13. exd5 hxg5 14. dxc6 gxh4 15. cxd7+ Qxd7 16. Bxc4 Rc8 17. Qb3 0-0 18. Rac1 Rc7 19. Bd3 Qg4 20. h3 Qf4 21. Rce1 Rfc8 22. Re4 Qd6 23. Rxh4 Rxc3 24. Qxb7 Bxd4 25. Ba6 Rd8 26. Re4 Rd7 27. Qa8+ Kg7 28. Bb5 Rd8 29. Qb7 Rxh3 30. Rfe1 Bxf2+ 31. Kxf2 Qg3+ 32. Kg1 Rdh8 0-1

[Event "Pula CC-ch"]
[Site "Pula"]
[Date "2014.02.04"]
[Round "6"]
[White "Fercec, Nenad"]
[Black "Pasalic, Enio"]
[Result "1-0"]
[WhiteElo "2473"]
[BlackElo "2002"]
[PlyCount "51"]
[EventDate "2014.01.17"]
[EventType "swiss"]
[EventRounds "9"]
[EventCountry "CRO"]
[SourceTitle "EXT 2016"]
[Source "ChessBase"]
[SourceDate "2015.10.08"]
[SourceVersion "1"]
[SourceVersionDate "2015.10.08"]
[SourceQuality "1"]

1. e4 c5 2. Nf3 e6 3. d4 cxd4 4. Nxd4 a6 5. Nc3 b5 6. Bd3 Qb6 7. Be3 Bc5 8. Nce2 Bb7 9. 0-0 Qc7 10. a4 b4 11. c3 bxc3 12. Rc1 Bb4 13. Qb3 Be7 14. Nxc3 Nc6 15. Nd5 exd5 16. exd5 Nf6 17. dxc6 Bxc6 18. Nf5 Ng4 19. g3 Nxe3 20. Nxg7+ Kd8 21. fxe3 Qe5 22. Qb6+ Qc7 23. Qd4 Rf8 24. Rxf7 Qd6 25. Qb6+ Kc8 26. Nf5 1-0

[Event "Porec op"]
[Site "Porec"]
[Date "2013.12.07"]
[Round "5"]
[White "Kukurin, Luka"]
[Black "Pasalic, Enio"]
[Result "0-1"]
[WhiteElo "1895"]
[BlackElo "2009"]
[PlyCount "78"]
[EventDate "2013.12.05"]
[EventType "swiss"]
[EventRounds "7"]
[EventCountry "CRO"]
[SourceTitle "CBM 157 Extra"]
[Source "ChessBase"]
[SourceDate "2013.12.19"]
[SourceVersion "1"]
[SourceVersionDate "2013.12.19"]
[SourceQuality "1"]

1. e4 c5 2. b3 Nc6 3. Bb2 Nf6 4. e5 Nd5 5. Bc4 e6 6. Bxd5 exd5 7. Qf3 d4 8. Qg3 d6 9. f4 Bf5 10. Na3 h5 11. 0-0-0 Rh6 12. exd6 Qxd6 13. Re1+ Re6 14. Rxe6+ Qxe6 15. Nf3 0-0-0 16. Re1 Qd5 17. Ne5 Nb4 18. Kb1 f6 19. Nf3 a5 20. Nh4 Be4 21. d3 Bh7 22. Nc4 Qc6 23. f5 Bg8 24. a3 Nd5 25. Ng6 Qc7 26. Qh4 b5 27. Nd2 Ne3 28. Qxh5 Bf7 29. g4 a4 30. Qh3 axb3 31. cxb3 Bd6 32. Bxd4 cxd4 33. Rc1 Bc4 34. Ka2 Qa5 35. Nb1 Bxa3 36. Nxa3 b4 37. dxc4 Qxa3+ 38. Kb1 Qxb3+ 39. Ka1 Nc2+ 0-1

[Event "Porec op"]
[Site "Porec"]
[Date "2013.12.06"]
[Round "4"]
[White "Pasalic, Enio"]
[Black "Samovojska, Damir"]
[Result "1/2-1/2"]
[WhiteElo "2009"]
[BlackElo "2235"]
[PlyCount "78"]
[EventDate "2013.12.05"]
[EventType "swiss"]
[EventRounds "7"]
[EventCountry "CRO"]
[SourceTitle "CBM 157 Extra"]
[Source "ChessBase"]
[SourceDate "2013.12.19"]
[SourceVersion "1"]
[SourceVersionDate "2013.12.19"]
[SourceQuality "1"]

1. Nf3 d5 2. d4 Nf6 3. c4 c6 4. Nc3 e6 5. Bg5 Nbd7 6. cxd5 exd5 7. e3 Be7 8. Bd3 0-0 9. 0-0 Re8 10. Rc1 Nf8 11. Ne5 N6d7 12. Bf4 Nxe5 13. Bxe5 Nd7 14. Bg3 Nf6 15. a3 Bg4 16. Qc2 g6 17. h3 Be6 18. Ne2 Nh5 19. Be5 Ng7 20. b4 Bf5 21. Bxf5 Nxf5 22. Qb3 Bd6 23. Bxd6 Nxd6 24. Nc3 Nc4 25. Qa2 Qd6 26. e4 Rac8 27. b5 Qxa3 28. Qxa3 Nxa3 29. bxc6 bxc6 30. exd5 cxd5 31. Nxd5 Kg7 32. Ne3 Nb5 33. d5 a5 34. Rxc8 Rxc8 35. Ra1 Ra8 36. Nc4 a4 37. d6 Rd8 38. Rxa4 Nxd6 39. Nxd6 Rxd6 1/2-1/2

[Event "Pula Uljanik CC-ch"]
[Site "Pula"]
[Date "2013.01.26"]
[Round "1"]
[White "Bilic, Milan"]
[Black "Pasalic, Enio"]
[Result "0-1"]
[WhiteElo "1590"]
[BlackElo "2058"]
[PlyCount "44"]
[EventDate "2013.01.17"]
[EventType "swiss"]
[EventRounds "9"]
[EventCountry "CRO"]
[SourceTitle "EXT 2014"]
[Source "ChessBase"]
[SourceDate "2013.11.20"]
[SourceVersion "1"]
[SourceVersionDate "2013.11.20"]
[SourceQuality "1"]

1. d4 Nf6 2. c4 g6 3. Nc3 Bg7 4. Nf3 0-0 5. e4 d6 6. Be2 Nbd7 7. 0-0 e5 8. d5 Nc5 9. Nd2 a5 10. b3 Ne8 11. Nf3 f5 12. Bg5 Bf6 13. Bxf6 Qxf6 14. exf5 gxf5 15. Rc1 Kh8 16. Kh1 Rg8 17. Rg1 Rg6 18. Ne1 Rh6 19. g3 f4 20. Bf3 e4 21. Bg4 f3 22. Nxf3 Bxg4 0-1

[Event "Porec op"]
[Site "Porec"]
[Date "2011.12.01"]
[Round "1"]
[White "Pasalic, Enio"]
[Black "Udovicic, Roland"]
[Result "1-0"]
[WhiteElo "2082"]
[BlackElo "1742"]
[PlyCount "130"]
[EventDate "2011.12.01"]
[EventType "swiss"]
[EventRounds "7"]
[EventCountry "CRO"]
[SourceTitle "CBM 145 Extra"]
[Source "ChessBase"]
[SourceDate "2012.01.03"]
[SourceVersion "1"]
[SourceVersionDate "2012.01.03"]
[SourceQuality "1"]

1. d4 d5 2. Nf3 Nc6 3. Bf4 e6 4. e3 Nf6 5. Nbd2 Bd7 6. a3 Be7 7. Bd3 Nh5 8. 0-0 Nxf4 9. exf4 0-0 10. c3 a6 11. Ne5 f5 12. Ndf3 Rf6 13. Re1 Nxe5 14. Nxe5 c5 15. Re3 cxd4 16. cxd4 Bd6 17. Qb3 b5 18. Rae1 Rc8 19. g3 g6 20. h4 h5 21. f3 Bxe5 22. fxe5 Rf7 23. f4 Be8 24. Qb4 Rd7 25. a4 Rb7 26. axb5 axb5 27. R3e2 Qb6 28. Ra1 Rc4 29. Bxc4 Qxd4+ 30. Kh2 Qxc4 31. Qxc4 bxc4 32. Ra8 Kf7 33. Rd8 Ba4 34. Rd2 Bd7 35. Kg1 Ke7 36. Rh8 Be8 37. Kf2 Rb3 38. Rc2 Rd3 39. Kg2 Rb3 40. Kh3 Rb7 41. Kg2 Rb3 42. Kf2 Rd3 43. Rc1 Rd2+ 44. Ke3 Rxb2 45. Ra1 Rb3+ 46. Kd4 Rb7 47. Ra8 Bf7 48. Rhc8 Rd7 49. Rab8 Ra7 50. Kc5 Rd7 51. Kb6 d4 52. Rxc4 d3 53. Rb7 Rxb7+ 54. Kxb7 Be8 55. Kb6 g5 56. hxg5 h4 57. gxh4 Bh5 58. Rd4 Be2 59. Kc5 Kf7 60. h5 Bxh5 61. Rxd3 Ke7 62. Rh3 Bg6 63. Rh6 Bf7 64. Rh7 Kf8 65. Rxf7+ Kxf7 1-0

[Event "CRO-chT3 West"]
[Site "Croatia"]
[Date "2011.11.06"]
[Round "9.32"]
[White "Starcevic, Andrea"]
[Black "Pasalic, Enio"]
[Result "1-0"]
[WhiteElo "1793"]
[BlackElo "2065"]
[PlyCount "89"]
[EventDate "2011.03.12"]
[EventType "team-tourn"]
[EventRounds "9"]
[EventCountry "CRO"]
[SourceTitle "EXT 2014"]
[Source "ChessBase"]
[SourceDate "2013.11.20"]
[SourceVersion "1"]
[SourceVersionDate "2013.11.20"]
[SourceQuality "1"]

1. c4 c5 2. Nc3 Nf6 3. g3 g6 4. Bg2 Bg7 5. e3 e5 6. Nge2 0-0 7. 0-0 Nc6 8. d4 d6 9. d5 Ne7 10. e4 Ne8 11. f4 f5 12. fxe5 dxe5 13. Be3 b6 14. Qd2 Nd6 15. b3 Bd7 16. Rae1 Kh8 17. Rf2 Ng8 18. Ref1 Qe7 19. Bg5 Bf6 20. Bxf6+ Nxf6 21. exf5 gxf5 22. Nc1 Rae8 23. Re2 Qg7 24. Nd3 e4 25. Nf4 Ng4 26. Nd1 Qd4+ 27. Kh1 e3 28. Qb2 Kg8 29. h3 Ne4 30. Bxe4 Qxe4+ 31. Ng2 f4 32. Rxf4 Rxf4 33. gxf4 Nf2+ 34. Nxf2 exf2 35. Rxf2 Kf7 36. Kh2 Qd3 37. f5 Bxf5 38. Nf4 Qe3 39. Qd2 Qd4 40. Qxd4 cxd4 41. Ne2 d3 42. Nd4 Kg6 43. Nxf5 Re2 44. Rxe2 Kxf5 45. Rd2 1-0

[Event "CRO-chT3 West"]
[Site "Croatia"]
[Date "2011.11.05"]
[Round "7.42"]
[White "Jurman, Roberto"]
[Black "Pasalic, Enio"]
[Result "1/2-1/2"]
[WhiteElo "2157"]
[BlackElo "2065"]
[PlyCount "79"]
[EventDate "2011.03.12"]
[EventType "team-tourn"]
[EventRounds "9"]
[EventCountry "CRO"]
[SourceTitle "EXT 2014"]
[Source "ChessBase"]
[SourceDate "2013.11.20"]
[SourceVersion "1"]
[SourceVersionDate "2013.11.20"]
[SourceQuality "1"]

1. c4 c5 2. Nf3 Nf6 3. d4 cxd4 4. Nxd4 Nc6 5. Nc3 g6 6. e4 Bg7 7. Be3 d6 8. Be2 0-0 9. 0-0 Be6 10. f3 Nxd4 11. Qxd4 Ng4 12. Qd2 Nxe3 13. Qxe3 Qa5 14. Rac1 Rfc8 15. b3 a6 16. Rc2 Bxc3 17. Qxc3 Qxc3 18. Rxc3 b5 19. Rfc1 b4 20. R3c2 Rc5 21. Ra1 Rb8 22. a3 Kg7 23. axb4 Rxb4 24. Ra3 Rc6 25. Rca2 Rcb6 26. Bd1 Kf6 27. Kf2 Bc8 28. Ke3 g5 29. g3 e5 30. Ra4 Ke7 31. Rxb4 Rxb4 32. Kd3 f5 33. exf5 Bxf5+ 34. Kc3 Rb6 35. b4 Be6 36. Ra5 h5 37. Be2 Rc6 38. Ra1 d5 39. c5 d4+ 40. Kd2 1/2-1/2

[Event "CRO-chT3 West"]
[Site "Croatia"]
[Date "2011.04.09"]
[Round "4.12"]
[White "Pasalic, Enio"]
[Black "Pejic, Igor"]
[Result "1-0"]
[WhiteElo "2065"]
[BlackElo "1988"]
[PlyCount "99"]
[EventDate "2011.03.12"]
[EventType "team-tourn"]
[EventRounds "9"]
[EventCountry "CRO"]
[SourceTitle "EXT 2014"]
[Source "ChessBase"]
[SourceDate "2013.11.20"]
[SourceVersion "1"]
[SourceVersionDate "2013.11.20"]
[SourceQuality "1"]

1. d4 d5 2. c4 c6 3. Nf3 e6 4. cxd5 exd5 5. Nc3 Nf6 6. Qc2 g6 7. Bg5 Be7 8. e3 Bf5 9. Bd3 Bxd3 10. Qxd3 0-0 11. 0-0-0 Ng4 12. Bxe7 Qxe7 13. Rdf1 Nd7 14. h3 Ngf6 15. Nd2 Rfe8 16. g4 b5 17. Ne2 a5 18. Nf4 Nb6 19. g5 Ne4 20. h4 Nc4 21. Nxe4 Qxe4 22. Qxe4 Rxe4 23. h5 a4 24. hxg6 fxg6 25. Rh6 Ra7 26. Rfh1 Ree7 27. a3 Rf7 28. R1h2 Rae7 29. Nxg6 Re6 30. Nf4 Rd6 31. g6 hxg6 32. Rxg6+ Rxg6 33. Nxg6 Nd6 34. Ne5 Rg7 35. Rh6 Ne4 36. Rxc6 Rg1+ 37. Kc2 Re1 38. f3 Nf2 39. Kd2 Rb1 40. Rc2 Nd1 41. Nd3 Kf7 42. e4 dxe4 43. fxe4 Ke6 44. d5+ Kd6 45. Rc6+ Kd7 46. Rc1 Rxc1 47. Kxc1 Ne3 48. Kd2 Nc4+ 49. Kc3 Kd6 50. Kd4 1-0

[Event "CRO-chT3 West"]
[Site "Croatia"]
[Date "2011.03.13"]
[Round "2.22"]
[White "Relja, Marin"]
[Black "Pasalic, Enio"]
[Result "1-0"]
[WhiteElo "2056"]
[BlackElo "2065"]
[PlyCount "117"]
[EventDate "2011.03.12"]
[EventType "team-tourn"]
[EventRounds "9"]
[EventCountry "CRO"]
[SourceTitle "EXT 2014"]
[Source "ChessBase"]
[SourceDate "2013.11.20"]
[SourceVersion "1"]
[SourceVersionDate "2013.11.20"]
[SourceQuality "1"]

1. b3 e5 2. Bb2 Nc6 3. e3 d5 4. Bb5 Bd6 5. f4 Qe7 6. Nf3 Bg4 7. fxe5 Bxe5 8. Bxc6+ bxc6 9. Bxe5 Bxf3 10. Qxf3 Qxe5 11. 0-0 Nf6 12. Nc3 0-0 13. Qf4 Rfe8 14. Qxe5 Rxe5 15. Rf4 Ne4 16. Nxe4 dxe4 17. Kf2 Rd8 18. Ke2 g5 19. Rf2 f5 20. Raf1 Red5 21. Ke1 h6 22. Rxf5 Rxd2 23. Rf8+ Kg7 24. Rxd8 Rxd8 25. Rf5 Rd5 26. Rf2 c5 27. Rd2 Rd6 28. Kd1 Kf6 29. Kc1 Ke6 30. Rf2 c4 31. bxc4 Rc6 32. Rf8 Rxc4 33. Rh8 a5 34. Rxh6+ Kf7 35. h4 gxh4 36. Rxh4 Kg6 37. Rf4 a4 38. Rf8 Kg5 39. Kd2 Kg6 40. Rd8 c5 41. Rd5 Kf6 42. a3 Ke6 43. Rh5 Kf6 44. c3 Kg6 45. Rd5 Kf6 46. Kc2 Kg6 47. Kb2 Kf6 48. Rd2 Kg5 49. Rc2 Kg4 50. Kc1 Kg3 51. Kd1 Kg4 52. Ke1 Kg3 53. Kf1 Kh4 54. Kg1 Kg3 55. Kh1 Kh4 56. Kh2 Kg4 57. Rc1 Kh4 58. g3+ Kg5 59. Kh3 1-0

[Event "Porec op"]
[Site "Porec"]
[Date "2010.12.04"]
[Round "5"]
[White "Licardo, Renato"]
[Black "Pasalic, Enio"]
[Result "0-1"]
[WhiteElo "2202"]
[BlackElo "2072"]
[PlyCount "74"]
[EventDate "2010.12.02"]
[EventType "swiss"]
[EventRounds "7"]
[EventCountry "CRO"]
[SourceTitle "CBM 139 Extra"]
[Source "ChessBase"]
[SourceDate "2011.01.05"]
[SourceVersion "1"]
[SourceVersionDate "2011.01.05"]
[SourceQuality "1"]

1. e4 c5 2. Nf3 d6 3. d4 cxd4 4. Nxd4 Nf6 5. Nc3 a6 6. Be2 e5 7. Nb3 Be7 8. g4 h6 9. Rg1 Be6 10. Bf3 b5 11. Be3 Nbd7 12. h4 Nb6 13. g5 hxg5 14. hxg5 Nfd7 15. Bg4 Bxg4 16. Qxg4 b4 17. Ne2 g6 18. 0-0-0 Qc7 19. Bxb6 Qxb6 20. Kb1 a5 21. f4 a4 22. Nd2 Qc5 23. f5 Rc8 24. Ka1 Rh2 25. fxg6 fxg6 26. Rc1 a3 27. Nb3 axb2+ 28. Kxb2 Qc4 29. Rg2 Rxg2 30. Qxg2 Nc5 31. Nxc5 Rxc5 32. Ng3 Bxg5 33. Rh1 Ra5 34. Rh8+ Ke7 35. Nf5+ Kd7 36. Rh7+ Kc6 37. Ne7+ Kb5 0-1

[Event "CRO-chT3 West"]
[Site "Croatia"]
[Date "2010.10.24"]
[Round "8.56"]
[White "Zoricic, Marijan"]
[Black "Pasalic, Enio"]
[Result "1/2-1/2"]
[WhiteElo "2145"]
[BlackElo "2102"]
[PlyCount "126"]
[EventDate "2010.03.27"]
[EventType "team-tourn"]
[EventRounds "9"]
[EventCountry "CRO"]
[SourceTitle "EXT 2012"]
[Source "ChessBase"]
[SourceDate "2011.11.24"]
[SourceVersion "1"]
[SourceVersionDate "2011.11.24"]
[SourceQuality "1"]

1. e4 c5 2. Nf3 d6 3. d4 cxd4 4. Nxd4 Nf6 5. Nc3 a6 6. Be3 e5 7. Nb3 Be6 8. Qd2 Be7 9. 0-0-0 Nbd7 10. f3 b5 11. g4 b4 12. Nd5 Bxd5 13. exd5 a5 14. Kb1 a4 15. Nc1 Qa5 16. h4 Nb6 17. Bxb6 Qxb6 18. h5 Nd7 19. f4 Rc8 20. g5 exf4 21. Qxf4 Ne5 22. Nd3 b3 23. Qxa4+ Kf8 24. Nxe5 bxa2+ 25. Qxa2 dxe5 26. Bh3 Rd8 27. Rdf1 Bxg5 28. d6 Bf4 29. d7 g6 30. Qa3+ Kg7 31. Qc3 Qb7 32. Rhg1 Qa7 33. Qc4 Ra8 34. c3 Rhd8 35. h6+ Kxh6 36. Qxf7 Qa1+ 37. Kc2 Qa4+ 38. Kd3 Qb5+ 39. Ke4 Qe2+ 40. Kd5 Ra6 41. Rxf4 Qb5+ 42. Ke4 Qe2+ 43. Kd5 Qb5+ 44. Ke4 Ra4+ 45. b4 Qe2+ 46. Kd5 exf4 47. Qxf4+ Kg7 48. Qe5+ Qxe5+ 49. Kxe5 Kf7 50. Kd6 Kf6 51. Rf1+ Kg5 52. Bg2 Ra2 53. c4 Rxg2 54. Kc7 Rxd7+ 55. Kxd7 Rb2 56. c5 Rxb4 57. c6 Rc4 58. c7 h5 59. c8Q Rxc8 60. Kxc8 h4 61. Kd7 Kg4 62. Ke6 h3 63. Rg1+ Kf3 1/2-1/2

[Event "CRO-chT3 West"]
[Site "Croatia"]
[Date "2010.10.23"]
[Round "7.12"]
[White "Kvaternik, Kresimir"]
[Black "Pasalic, Enio"]
[Result "1-0"]
[WhiteElo "2028"]
[BlackElo "2102"]
[PlyCount "63"]
[EventDate "2010.03.27"]
[EventType "team-tourn"]
[EventRounds "9"]
[EventCountry "CRO"]
[SourceTitle "EXT 2012"]
[Source "ChessBase"]
[SourceDate "2011.11.24"]
[SourceVersion "1"]
[SourceVersionDate "2011.11.24"]
[SourceQuality "1"]

1. d4 d5 2. c4 c6 3. Nc3 Nf6 4. e3 e6 5. Nf3 Nbd7 6. a3 h6 7. b4 dxc4 8. Bxc4 b5 9. Be2 a5 10. Rb1 Be7 11. 0-0 0-0 12. e4 Nb6 13. Qb3 axb4 14. axb4 Na4 15. Rd1 Bb7 16. Bd3 Nxc3 17. Qxc3 Ra2 18. Bc2 Qb6 19. Qd3 g6 20. Bxh6 Rd8 21. Ne5 c5 22. bxc5 Bxc5 23. dxc5 Rxd3 24. cxb6 Rxd1+ 25. Bxd1 Bxe4 26. Rc1 Ra6 27. Rc8+ Kh7 28. Nxf7 g5 29. Bxg5 Kg6 30. Bxf6 Kxf6 31. Nd6 Bd5 32. Nxb5 1-0

[Event "CRO-chT3 West"]
[Site "Croatia"]
[Date "2010.04.25"]
[Round "5.22"]
[White "Stracenski, Janko"]
[Black "Pasalic, Enio"]
[Result "0-1"]
[WhiteElo "1705"]
[BlackElo "2102"]
[PlyCount "33"]
[EventDate "2010.03.27"]
[EventType "team-tourn"]
[EventRounds "9"]
[EventCountry "CRO"]
[SourceTitle "EXT 2012"]
[Source "ChessBase"]
[SourceDate "2011.11.24"]
[SourceVersion "1"]
[SourceVersionDate "2011.11.24"]
[SourceQuality "1"]

1. d4 d5 2. Bf4 Nf6 3. h4 c5 4. e3 Qb6 5. b3 Nc6 6. dxc5 Qxc5 7. Bd3 e5 8. Bg5 Be7 9. h5 h6 10. Bh4 Be6 11. Bg3 Rd8 12. Nd2 0-0 13. Rc1 e4 14. Be2 d4 15. exd4 Nxd4 16. Rh4 Nf5 17. Bd3 0-1

[Event "CRO-chT3 West"]
[Site "Croatia"]
[Date "2010.03.27"]
[Round "1.42"]
[White "Klasan, Elvis"]
[Black "Pasalic, Enio"]
[Result "1-0"]
[WhiteElo "1995"]
[BlackElo "2102"]
[PlyCount "97"]
[EventDate "2010.03.27"]
[EventType "team-tourn"]
[EventRounds "9"]
[EventCountry "CRO"]
[SourceTitle "EXT 2012"]
[Source "ChessBase"]
[SourceDate "2011.11.24"]
[SourceVersion "1"]
[SourceVersionDate "2011.11.24"]
[SourceQuality "1"]

1. Nf3 Nf6 2. b3 c5 3. Bb2 b6 4. e3 Bb7 5. Be2 g6 6. d4 Bg7 7. dxc5 bxc5 8. 0-0 0-0 9. Nbd2 d6 10. c4 Nbd7 11. Qc2 Qc7 12. Rfd1 Rad8 13. Nf1 Bc6 14. Ng3 Qb7 15. Ne1 Ne5 16. f4 Neg4 17. Bxg4 Nxg4 18. Bxg7 Kxg7 19. h3 Nf6 20. Rd2 Ne4 21. Nxe4 Bxe4 22. Qc3+ Kg8 23. Rf2 Ra8 24. Nf3 Bxf3 25. Rxf3 Qe4 26. f5 g5 27. f6 e6 28. Rg3 h6 29. Rf1 Kh8 30. Qa5 Qe5 31. Rgf3 Rfc8 32. Qe1 d5 33. cxd5 Qxd5 34. h4 g4 35. Rf4 h5 36. Rc4 a5 37. Qc1 Qe5 38. e4 Kh7 39. Rf5 exf5 40. Qg5 Qa1+ 41. Rc1 Qxc1+ 42. Qxc1 Rg8 43. Qxc5 g3 44. Qxf5+ Kh6 45. Kf1 a4 46. Qf4+ Kh7 47. b4 a3 48. e5 Rac8 49. Qe3 1-0